00247 a2200097 450000100060000008200160000610000200002224500530004226000450009530000090014063261 a005.133 LAR aNewcomer, Larry aProgramming with modern structural COBOhEnglish aNew DelhibMcgraw Hill (Schaum's Series) a373p